00845nam a2200217Ia 4500003000200000005001700002008004100019050002900060100001800089245005700107260009000164300002800254504004100282650001500323650005000338650003900388650003800427942001400465999001900479952012900498020250129111703.0150126s9999 xx 000 0 und d aPGS LC 1099.3b.K49 2014 aKim, Jong Ha. aNationality and academic performance /cJong Ha Kim. aLas Piñas City, Philippines :bSouthville International School and Colleges,c2014. a31 p. :bill. ;c28 cm. aIncludes bibliographical references. aEducation. aAcademic performancevCross-cultural studies. aMulticultural educationvResearch. aNationalityvEducational aspects. 2lcccPASS c278596d278596 00102lcc40aLUXbLUXcPASSd2042-02-06eDONATIONl0oPGS LC 1099.3 .K49 2014pP3252r2015-01-26 00:00:00w2015-01-26yPASS